|
|
|
|
| LEADER |
01861nam a2200421 4500 |
| 001 |
ocn898999938 |
| 003 |
OCoLC |
| 005 |
20180501122023.0 |
| 006 |
m o d |
| 007 |
cr cn||||||||| |
| 008 |
141211t20142014mauaf ob 001 0 eng d |
| 040 |
|
|
|a E7B
|b eng
|e rda
|e pn
|c E7B
|d OCLCO
|d UIU
|d YDXCP
|d OCLCQ
|d GrThAP
|
| 020 |
|
|
|a 9780128010853
|q (e-book)
|
| 020 |
|
|
|a 0128010851
|q (e-book)
|
| 020 |
|
|
|a 9780128009772
|
| 035 |
|
|
|a (OCoLC)898999938
|
| 050 |
|
4 |
|a QH430
|b .E65 2014eb
|
| 082 |
0 |
4 |
|a 571.936
|2 23
|
| 049 |
|
|
|a TEFA
|
| 245 |
0 |
0 |
|a Epigenetics and neuroplasticity - evidence and debate /
|c edited by Schahram Akbarian, Farah Lubin.
|
| 250 |
|
|
|a First edition.
|
| 264 |
|
1 |
|a Waltham, Massachusetts :
|b Academic Press,
|c 2014.
|
| 264 |
|
4 |
|c ©2014
|
| 300 |
|
|
|a 1 online resource (263 pages, 12 unnumbered pages of plates) :
|b illustrations (some color).
|
| 336 |
|
|
|a text
|b txt
|2 rdacontent
|
| 337 |
|
|
|a computer
|b c
|2 rdamedia
|
| 338 |
|
|
|a online resource
|b cr
|2 rdacarrier
|
| 490 |
1 |
|
|a Progress in Molecular Biology and Translational Science ;
|v Volume 128
|
| 504 |
|
|
|a Includes bibliographical references and index.
|
| 588 |
0 |
|
|a Online resource; title from PDF title page (ebrary, viewed December 12, 2014).
|
| 650 |
|
0 |
|a Epigenetics
|x History.
|
| 650 |
|
0 |
|a Epigenetics
|x Health aspects.
|
| 655 |
|
4 |
|a Electronic books.
|
| 700 |
1 |
|
|a Akbarian, Schahram,
|e editor.
|
| 700 |
1 |
|
|a Lubin, Farah,
|e editor.
|
| 776 |
0 |
8 |
|i Print version:
|t Epigenetics and neuroplasticity - evidence and debate.
|b First edition.
|d Waltham, Massachusetts : Academic Press, ©2014
|h xiii, 236 pages
|k Progress in molecular biology and translational science ; Volume 128
|z 9780128009772
|
| 830 |
|
0 |
|a Progress in molecular biology and translational science ;
|v Volume 128.
|
| 856 |
4 |
0 |
|u https://www.sciencedirect.com/science/bookseries/18771173/128
|z Full Text via HEAL-Link
|